<?xml version="1.0" encoding="UTF-8"?>
<record
    xmlns:xsi="http://www.w3.org/2001/XMLSchema-instance"
    xsi:schemaLocation="http://www.loc.gov/MARC21/slim http://www.loc.gov/standards/marcxml/schema/MARC21slim.xsd"
    xmlns="http://www.loc.gov/MARC21/slim">

  <leader>00301nam a2200109Ia 4500</leader>
  <controlfield tag="008">180116s9999    xx            000 0 und d</controlfield>
  <datafield tag="020" ind1=" " ind2=" ">
    <subfield code="a">9781305574779</subfield>
  </datafield>
  <datafield tag="245" ind1=" " ind2=" ">
    <subfield code="c">Dakota Mitchell, Lee Haroun</subfield>
    <subfield code="a">Introduction to Health Care</subfield>
  </datafield>
  <datafield tag="250" ind1=" " ind2=" ">
    <subfield code="a">4th ed</subfield>
  </datafield>
  <datafield tag="260" ind1=" " ind2=" ">
    <subfield code="b">Cengage Learning</subfield>
    <subfield code="c">2012</subfield>
  </datafield>
  <datafield tag="300" ind1=" " ind2=" ">
    <subfield code="a">618 pages</subfield>
  </datafield>
  <datafield tag="999" ind1=" " ind2=" ">
    <subfield code="c">353270</subfield>
    <subfield code="d">353270</subfield>
  </datafield>
  <datafield tag="952" ind1=" " ind2=" ">
    <subfield code="0">0</subfield>
    <subfield code="1">0</subfield>
    <subfield code="4">0</subfield>
    <subfield code="a">SSLC</subfield>
    <subfield code="b">SSLC</subfield>
    <subfield code="c">SSLC</subfield>
    <subfield code="d">2018-01-16</subfield>
    <subfield code="e">Library Fund</subfield>
    <subfield code="l">1</subfield>
    <subfield code="o">R 838 .M681 2012</subfield>
    <subfield code="p">SSLC1653</subfield>
    <subfield code="r">2019-12-11 00:00:00</subfield>
    <subfield code="s">2019-12-05</subfield>
    <subfield code="w">2018-01-16</subfield>
    <subfield code="y">BK</subfield>
  </datafield>
</record>
